书目信息 |
| 题名: |
周恩来风采
|
|
| 作者: | 李琦 | |
| 分册: | ||
| 出版信息: | 中央文献出版社 1998.02 |
|
| 页数: | 140页 | |
| 开本: | 16开 | |
| 丛书名: | ||
| 单 册: | ||
| 中图分类: | G276 | |
| 科图分类: | ||
| 主题词: | 档案学 , 档案工作 | |
| 电子资源: | ||
| ISBN: | 7-5073-0439-6 | |
| 000 | 00510nam0 2200193 45 | |
| 001 | 9911301546 | |
| 005 | 19991130154458.4 | |
| 010 | @a7-5073-0439-6@d100.00 | |
| 100 | @a19991130d1998 km y0chiy0120 ea | |
| 101 | @achi | |
| 105 | @a z 000yy | |
| 200 | 1 | @a周恩来风采@AZhou En Lai Feng Cai@f李琦@FLi Qi |
| 210 | @c中央文献出版社@d1998.02 | |
| 215 | @a140页@c无图表@d16开 | |
| 606 | 0 | @a档案学 |
| 606 | 0 | @a档案工作 |
| 690 | @aG276@v3 | |
| 801 | @aCN@bPerfectUser@c19991130 | |
| 905 | @aBZT@b60945@f1@dG276@e1 | |
| 周恩来风采/李琦.-中央文献出版社,1998.02 |
| 140页:无图表;16开 |
| ISBN 7-5073-0439-6:100.00 |
| ● |
| 相关链接 |
|
|
|
正题名:周恩来风采
索取号:G276/1
 
预约/预借
| 序号 | 登录号 | 条形码 | 馆藏地/架位号 | 状态 | 备注 |
| 1 | 60945 | 200239009 | 中心书库北库/ 北库032架B面4列6层27/ [索取号:G276/1] | 在馆 |